000 00347nam a2200145Ia 4500
001 7615
003 GE_BSU
008 181216s||||||||xx |||||||||||||| ||und||
040 _cGE_BSU
245 _aSQL Server.№7(151).
245 _bЖурнал для професионалов.
300 _a23ст,28см.
653 _aSQL Server.
942 _cCR
999 _c40967
_d40967